Normal view
MARC view
- Residential Property Surveyors Association
Entry Corporate Name
001 - CONTROL NUMBER
- control field: 6312
003 - CONTROL NUMBER IDENTIFIER
- control field: OSt
005 - DATE AND TIME OF LATEST TRANSACTION
- control field: 20230112120455.0
008 - FIXED-LENGTH DATA ELEMENTS
- fixed length control field: 190724|| aca||aabn | a|a d
040 ## - CATALOGING SOURCE
- Original cataloging agency: OSt
110 ## - HEADING--CORPORATE NAME
- Corporate name or jurisdiction name as entry element: Residential Property Surveyors Association